000 00612nam a2200193Ia 4500
005 20250508150428.0
008 008 250505s9999 xx 000 0 eng d
037 _aTextual
040 _aFEDL
_beng
_cFEDL
041 _aeng
_2eng
084 _a373.09, KAN
_qFEDL
100 _aKandel I L
_990815
245 0 _aHistory of secondary education : A study in the development of liberal education
260 _aBoston, USA
_bHoughton Mifflin Company
_c1930
300 _axvii,577p.
650 _aSecondary education - History
_9756284
942 _cTEXL
_h373.09, KAN
999 _c1323590
_d1323590